header

Practical English handbook / Floyd C. Watkins, William B. Dillingham. (Record no. 253792)

MARC details
000 -LEADER
fixed length control field 00566nam a22001817a 4500
003 - CONTROL NUMBER IDENTIFIER
control field OSt
005 - DATE AND TIME OF LATEST TRANSACTION
control field 20160517143359.0
008 - FIXED-LENGTH DATA ELEMENTS--GENERAL INFORMATION
fixed length control field 160517b xxu||||| |||| 00| 0 eng d
010 ## - LIBRARY OF CONGRESS CONTROL NUMBER
LC control number 85081206
020 ## - INTERNATIONAL STANDARD BOOK NUMBER
International Standard Book Number 0395357454 (student's ed. : pbk.)
040 ## - CATALOGING SOURCE
Transcribing agency n/a
100 ## - MAIN ENTRY--PERSONAL NAME
Personal name Watkins,Floyd C.
245 ## - TITLE STATEMENT
Title Practical English handbook / Floyd C. Watkins, William B. Dillingham.
Statement of responsibility, etc Floyd C. Watkins, William B. Dillingham.
250 ## - EDITION STATEMENT
Edition statement 7th ed.
260 ## - PUBLICATION, DISTRIBUTION, ETC. (IMPRINT)
Place of publication, distribution, etc Boston :
Name of publisher, distributor, etc Houghton Mifflin Co.,
Date of publication, distribution, etc c1986.
300 ## - PHYSICAL DESCRIPTION
Extent xxii, 429 p.
Other physical details ill.
Dimensions 18 cm.
942 ## - ADDED ENTRY ELEMENTS (KOHA)
Source of classification or shelving scheme Library of Congress Classification
Koha item type Reference
Holdings
Withdrawn status Lost status Source of classification or shelving scheme Damaged status Not for loan Collection code Home library Current library Shelving location Date acquired Total Checkouts Full call number Barcode Date last seen Price effective from Koha item type
    Library of Congress Classification     Reference Rongo University Library Rongo University Library Reference 17/05/2016   PE1408 .W37 1986 201611720 17/05/2016 17/05/2016 Reference

© 2026 Rongo University
Contact us: librarian | system librarian | Rongo university